[Event "8. Open Bali sub-2300"]
[Site "Benidorm ESP"]
[Date "2009.12.07"]
[Round "10.2"]
[White "Garbea, Bogdan"]
[Black "Longa Yauca, Javier"]
[Result "1/2-1/2"]
[WhiteElo "2254"]
[BlackElo "2267"]
[PlyCount "116"]
[EventDate "2009.11.28"]
[EventType "swiss"]
[EventRounds "10"]
[EventCountry "ESP"]
[Source "lmi"]
[SourceDate "2009.11.28"]

1. d4 Nf6 2. c4 e6 3. a3 c5 4. e3 d5 5. Nc3 Nc6 6. Nf3 cxd4 7. exd4 Be7 8. Bd3
O-O 9. O-O b6 10. Re1 dxc4 11. Bxc4 Bb7 12. Ba2 Rc8 13. Bg5 h6 14. Be3 Na5 15.
Ne5 Bxa3 16. Bxe6 Bxb2 17. Nxf7 Rxf7 18. Rxa5 Bxc3 19. Rxa7 Bd5 20. Bxf7+ Bxf7
21. Bd2 Qxd4 22. Bxc3 Qxd1 23. Rxd1 Rxc3 24. Rd8+ Kh7 25. f3 Rc1+ 26. Kf2 Rc2+
27. Kg1 Bd5 28. Rb8 Rb2 29. Rc8 Nh5 30. Rcc7 Kg6 31. Rd7 Bc4 32. h4 Kf6 33. Rd4
Be6 34. Rb7 g5 35. hxg5+ hxg5 36. Rd6 Nf4 37. Rbxb6 Rxg2+ 38. Kf1 Rh2 39. Rd4
Rc2 40. Ra4 Nd5 41. Rd6 Ne3+ 42. Ke1 Nf5 43. Rd2 Rc3 44. Rf2 Bc4 45. Kd2 Rd3+
46. Kc2 Ne3+ 47. Kc1 Ke5 48. Rd2 Rc3+ 49. Kb2 Rb3+ 50. Kc1 Rc3+ 51. Kb2 Rb3+
52. Kc1 Bd3 53. Rb2 Rxb2 54. Kxb2 Bc4 55. Kc3 Bd5 56. Kd3 Nf5 57. Rg4 Kf6 58.
f4 gxf4 1/2-1/2

[Event "8. Open Bali sub-2300"]
[Site "Benidorm ESP"]
[Date "2009.12.07"]
[Round "10.3"]
[White "Trepat Herranz, Joan"]
[Black "Jove Grau, Lluis"]
[Result "1-0"]
[WhiteElo "2284"]
[BlackElo "2205"]
[PlyCount "95"]
[EventDate "2009.11.28"]
[EventType "swiss"]
[EventRounds "10"]
[EventCountry "ESP"]
[Source "lmi"]
[SourceDate "2009.11.28"]

1. d4 Nf6 2. c4 d6 3. Nf3 Nbd7 4. Nc3 e5 5. e4 Be7 6. Be2 O-O 7. O-O Re8 8. Re1
c6 9. Bf1 Qc7 10. d5 Nf8 11. h3 h6 12. g3 Bd7 13. Be3 c5 14. a3 b6 15. b4 g5
16. h4 Ng4 17. hxg5 Nxe3 18. Rxe3 hxg5 19. Nd2 Ng6 20. Be2 Qc8 21. bxc5 Qxc5
22. Bg4 Qc8 23. Bxd7 Qxd7 24. Qf3 Kg7 25. Qf5 Qc7 26. Rf3 f6 27. Nd1 Rh8 28.
Ne3 Rh7 29. Ng4 Rah8 30. Kg2 Qd8 31. a4 Nf8 32. a5 bxa5 33. Rb1 Ng6 34. Rb7 Rf8
35. Nxe5 fxe5 36. Qg4 Rf6 37. Rxf6 Kxf6 38. Qe6+ Kg7 39. c5 Rh6 40. Qg4 dxc5
41. Rd7 Qf8 42. d6 Kh8 43. dxe7 Nxe7 44. Qxg5 Nc6 45. Nf3 Qf6 46. Qg4 Nd4 47.
Nxe5 Ne6 48. Nf7+ 1-0

[Event "8. Open Bali sub-2300"]
[Site "Benidorm ESP"]
[Date "2009.12.07"]
[Round "10.4"]
[White "Renteria, Jorge"]
[Black "Sabater Sanchez, Asensio"]
[Result "0-1"]
[WhiteElo "2248"]
[BlackElo "2230"]
[PlyCount "66"]
[EventDate "2009.11.28"]
[EventType "swiss"]
[EventRounds "10"]
[EventCountry "ESP"]
[Source "lmi"]
[SourceDate "2009.11.28"]

1. e4 Nf6 2. e5 Nd5 3. c4 Nb6 4. d4 d6 5. exd6 cxd6 6. Nc3 g6 7. Be3 Bg7 8. Rc1
O-O 9. b3 e5 10. dxe5 dxe5 11. Qxd8 Rxd8 12. Nb5 Nc6 13. Nxa7 Nd4 14. Nxc8
Rdxc8 15. Bxd4 exd4 16. a4 Nd7 17. Kd1 Nc5 18. Kc2 b5 19. Nh3 bxa4 20. b4 Nb3
21. Rb1 Rcb8 22. b5 Nc5 23. Nf4 a3 24. Nd3 Nxd3 25. Bxd3 a2 26. Ra1 Ra3 27.
Rhd1 Bf8 28. Kb2 Rba8 29. Be4 R8a4 30. Rd3 Rc3 31. Rxc3 dxc3+ 32. Kxc3 Bg7+ 33.
Kb3 Bxa1 0-1

[Event "8. Open Bali sub-2300"]
[Site "Benidorm ESP"]
[Date "2009.12.07"]
[Round "10.5"]
[White "Ibarra Jerez, Juan Miguel"]
[Black "Virgillito, Cristian"]
[Result "1-0"]
[WhiteElo "2244"]
[BlackElo "2223"]
[PlyCount "91"]
[EventDate "2009.11.28"]
[EventType "swiss"]
[EventRounds "10"]
[EventCountry "ESP"]
[Source "lmi"]
[SourceDate "2009.11.28"]

1. e4 c5 2. Nf3 d6 3. d4 cxd4 4. Nxd4 Nf6 5. Nc3 a6 6. Bc4 e6 7. O-O Nbd7 8.
Bxe6 fxe6 9. Nxe6 Qb6 10. Nd5 Nxd5 11. exd5 Nc5 12. Ng5 Bf5 13. Qf3 Bg6 14.
Re1+ Be7 15. b4 Qxb4 16. Ba3 Qa5 17. Bxc5 Qxc5 18. Rxe7+ Kxe7 19. Re1+ Kd7 20.
Qh3+ Kc7 21. Ne6+ Kb6 22. Nxc5 dxc5 23. Re7 Ka7 24. Qc3 Rae8 25. Qxc5+ Ka8 26.
d6 Rxe7 27. dxe7 Re8 28. f4 Kb8 29. a4 Ka8 30. a5 Kb8 31. Qd6+ Ka8 32. Kf2 Rc8
33. Qd8 Kb8 34. g4 Be8 35. Ke3 Bg6 36. Kd4 Be8 37. Ke5 Bb5 38. c4 Be8 39. Ke6
h6 40. f5 b6 41. Qxb6+ Ka8 42. Qxa6+ Kb8 43. Qb6+ Ka8 44. Kd6 h5 45. g5 h4 46.
c5 1-0

[Event "8. Open Bali sub-2300"]
[Site "Benidorm ESP"]
[Date "2009.12.07"]
[Round "10.6"]
[White "Sanchez Jerez, Emilio Miguel"]
[Black "Van Hoolandt, Patrick"]
[Result "1-0"]
[WhiteElo "2298"]
[BlackElo "2211"]
[PlyCount "76"]
[EventDate "2009.11.28"]
[EventType "swiss"]
[EventRounds "10"]
[EventCountry "ESP"]
[Source "lmi"]
[SourceDate "2009.11.28"]

1. Nf3 d5 2. g3 c6 3. Bg2 Bg4 4. O-O Nd7 5. d4 e6 6. Nbd2 Bd6 7. e4 Ne7 8. Re1
O-O 9. h3 Bh5 10. e5 Bc7 11. Nf1 f6 12. exf6 Nxf6 13. g4 Bf7 14. Ne5 Ng6 15. g5
Bxe5 16. dxe5 Nd7 17. f4 Nh4 18. Kh1 Qe8 19. Ng3 Bg6 20. c4 Rd8 21. cxd5 cxd5
22. Be3 Nb8 23. Qb3 Rd7 24. Rad1 Nc6 25. Rf1 Nf5 26. Bc5 Na5 27. Qf3 Rff7 28.
Bxa7 Nc6 29. Bc5 Qa8 30. a3 Qa5 31. b4 Qb5 32. Nxf5 Rxf5 33. Qb3 Rdf7 34. a4
Na5 35. Qe3 Qxa4 36. Ra1 Qc2 37. Rxa5 h6 38. gxh6 Qc4 1-0

[Event "8. Open Bali sub-2300"]
[Site "Benidorm ESP"]
[Date "2009.12.07"]
[Round "10.8"]
[White "Exposito Amaro, Josue"]
[Black "Aranda Gonzalez, Jose"]
[Result "1-0"]
[WhiteElo "2221"]
[BlackElo "2276"]
[PlyCount "65"]
[EventDate "2009.11.28"]
[EventType "swiss"]
[EventRounds "10"]
[EventCountry "ESP"]
[Source "lmi"]
[SourceDate "2009.11.28"]

1. e4 e6 2. d4 d5 3. Nc3 Bb4 4. e5 c5 5. Bd2 Ne7 6. Nb5 Bxd2+ 7. Qxd2 O-O 8. f4
a6 9. Nd6 cxd4 10. Nf3 Nbc6 11. Bd3 f6 12. O-O Bd7 13. Nxb7 Qb6 14. Nd6 fxe5
15. fxe5 h6 16. b3 Nxe5 17. Nxe5 Qxd6 18. Qe2 Bb5 19. Rxf8+ Rxf8 20. Bxb5 axb5
21. Re1 b4 22. Nf3 Rxf3 23. gxf3 Kf7 24. Qe5 Qxe5 25. Rxe5 Kf6 26. Re1 e5 27.
a4 Nc6 28. Ra1 Na5 29. Kf2 e4 30. Rd1 Ke5 31. f4+ Kxf4 32. Rxd4 Ke5 33. Rxb4
1-0

[Event "8. Open Bali sub-2300"]
[Site "Benidorm ESP"]
[Date "2009.12.07"]
[Round "10.9"]
[White "Lapicki, Raul"]
[Black "Tscharotschkin, Michael"]
[Result "1/2-1/2"]
[WhiteElo "2266"]
[BlackElo "2209"]
[PlyCount "27"]
[EventDate "2009.11.28"]
[EventType "swiss"]
[EventRounds "10"]
[EventCountry "ESP"]
[Source "lmi"]
[SourceDate "2009.11.28"]

1. e4 d6 2. d4 f5 3. exf5 Bxf5 4. Bd3 Qd7 5. Nf3 Bg4 6. O-O Nc6 7. d5 Bxf3 8.
Qxf3 Ne5 9. Qe2 Nxd3 10. Qxd3 c6 11. c4 e5 12. dxe6 Qxe6 13. Nc3 Nf6 14. Bf4
1/2-1/2

[Event "8. Open Bali sub-2300"]
[Site "Benidorm ESP"]
[Date "2009.12.07"]
[Round "10.10"]
[White "Lopez Perdomo, Juan David"]
[Black "Voiteanu, Gabriel"]
[Result "1-0"]
[WhiteElo "2166"]
[BlackElo "2257"]
[PlyCount "35"]
[EventDate "2009.11.28"]
[EventType "swiss"]
[EventRounds "10"]
[EventCountry "ESP"]
[Source "lmi"]
[SourceDate "2009.11.28"]

1. e4 e5 2. Nf3 Nf6 3. Bc4 Nxe4 4. Nc3 Nxc3 5. dxc3 f6 6. Nh4 g6 7. O-O Qe7 8.
b4 d6 9. f4 Qg7 10. Be3 Be7 11. Qd2 f5 12. fxe5 dxe5 13. Bh6 Qf6 14. Nf3 Nc6
15. Ng5 Nd8 16. Ne4 Qc6 17. Bd5 Qd7 18. Bg7 1-0

[Event "8. Open Bali sub-2300"]
[Site "Benidorm ESP"]
[Date "2009.12.07"]
[Round "10.11"]
[White "Jordan Martinez, Miguel"]
[Black "Lillo Castay, Victor"]
[Result "0-1"]
[WhiteElo "2077"]
[BlackElo "2256"]
[PlyCount "144"]
[EventDate "2009.11.28"]
[EventType "swiss"]
[EventRounds "10"]
[EventCountry "ESP"]
[Source "lmi"]
[SourceDate "2009.11.28"]

1. e4 c5 2. Nf3 d6 3. d4 cxd4 4. Qxd4 Nc6 5. Bb5 Bd7 6. Bxc6 Bxc6 7. c4 Nf6 8.
Nc3 g6 9. Be3 Bg7 10. O-O O-O 11. Qd3 a6 12. Nd4 Bd7 13. f3 Rc8 14. b3 Qa5 15.
a4 Be6 16. Rab1 Nd7 17. Rfd1 Ne5 18. Qd2 Rfd8 19. Nxe6 Nxf3+ 20. gxf3 Bxc3 21.
Qd5 Qxd5 22. exd5 fxe6 23. Bb6 Rf8 24. Rd3 Be5 25. dxe6 Rf6 26. Re3 Rc6 27. Ba7
Rf8 28. Rd3 b6 29. a5 bxa5 30. Kg2 Kg7 31. Re1 a4 32. c5 a3 33. cxd6 exd6 34.
Bd4 Rc2+ 35. Kg1 Kf6 36. f4 Bxd4+ 37. Rxd4 Ke7 38. Ra4 a2 39. Ra1 Rfc8 40.
R4xa2 Rxa2 41. Rxa2 Rc6 42. Kf2 Kxe6 43. Ra5 Rb6 44. Ra3 Kd5 45. Ke3 Kc5 46.
Ke4 Rb4+ 47. Ke3 Kb5 48. h4 h5 49. Kf3 d5 50. Ke3 a5 51. Kf3 Re4 52. Ra1 Re6
53. Rd1 Kc5 54. Ra1 Kb4 55. Ra4+ Kxb3 56. Rxa5 Kc4 57. Ra4+ Kb5 58. Ra8 d4 59.
Rd8 Kc4 60. Rc8+ Kb3 61. Rd8 Kc3 62. Rc8+ Kd2 63. Rd8 d3 64. Kf2 Kc2 65. Rc8+
Kd1 66. Rd8 d2 67. Rc8 Re2+ 68. Kf1 Re4 69. Rf8 Kc2 70. Rc8+ Kd3 71. Rd8+ Ke3
72. f5 Rf4+ 0-1

[Event "8. Open Bali sub-2300"]
[Site "Benidorm ESP"]
[Date "2009.12.07"]
[Round "10.13"]
[White "Turcu, Iulian"]
[Black "Goormachtigh, Johan"]
[Result "1/2-1/2"]
[WhiteElo "2197"]
[BlackElo "2225"]
[PlyCount "37"]
[EventDate "2009.11.28"]
[EventType "swiss"]
[EventRounds "10"]
[EventCountry "ESP"]
[Source "lmi"]
[SourceDate "2009.11.28"]

1. d4 Nf6 2. Nf3 g6 3. Bg5 Bg7 4. Nbd2 c5 5. c3 cxd4 6. cxd4 d5 7. e3 Nc6 8.
Bb5 Bd7 9. O-O O-O 10. Rc1 Qb6 11. Bxc6 Bxc6 12. Qb3 Qxb3 13. axb3 Bb5 14. Rfe1
Rac8 15. h3 e6 16. Rc3 Ne4 17. Nxe4 dxe4 18. Nd2 Bc6 19. Rec1 1/2-1/2

[Event "8. Open Bali sub-2300"]
[Site "Benidorm ESP"]
[Date "2009.12.07"]
[Round "10.14"]
[White "Taras, Dan-Gheorghe"]
[Black "Poyato Sala, Josep Albert"]
[Result "1/2-1/2"]
[WhiteElo "2293"]
[BlackElo "2197"]
[PlyCount "38"]
[EventDate "2009.11.28"]
[EventType "swiss"]
[EventRounds "10"]
[EventCountry "ESP"]
[Source "lmi"]
[SourceDate "2009.11.28"]

1. d4 d5 2. c4 c6 3. Nc3 Nf6 4. Nf3 dxc4 5. a4 Bf5 6. e3 e6 7. Bxc4 Bb4 8. O-O
O-O 9. Qe2 Ne4 10. Nxe4 Bxe4 11. Nd2 Bg6 12. Nf3 Nd7 13. e4 Bh5 14. Be3 Qf6 15.
Rfd1 e5 16. d5 Nc5 17. Bxc5 Bxc5 18. Rd3 Bd4 19. dxc6 bxc6 1/2-1/2

[Event "8. Open Bali sub-2300"]
[Site "Benidorm ESP"]
[Date "2009.12.07"]
[Round "10.15"]
[White "Sanchez Quiroga, Miguel Angel"]
[Black "Vlashki, Nino"]
[Result "1-0"]
[WhiteElo "2195"]
[BlackElo "2292"]
[PlyCount "97"]
[EventDate "2009.11.28"]
[EventType "swiss"]
[EventRounds "10"]
[EventCountry "ESP"]
[Source "lmi"]
[SourceDate "2009.11.28"]

1. e4 e5 2. Nf3 Nc6 3. Bc4 Bc5 4. c3 Nf6 5. d3 a6 6. O-O Ba7 7. Nbd2 O-O 8. Bb3
d6 9. h3 Be6 10. Re1 Re8 11. Nf1 d5 12. Qe2 d4 13. Bxe6 Rxe6 14. c4 b5 15. cxb5
axb5 16. Ng5 Re8 17. f4 h6 18. fxe5 Nxe5 19. Nf3 Nxe4 20. Bxh6 Ng6 21. Qd1 Nd6
22. Bg5 Rxe1 23. Qxe1 Qd7 24. Qa5 Qc6 25. h4 Bb6 26. Qd2 Qd5 27. a3 c5 28. h5
Nf8 29. h6 g6 30. Re1 Nh7 31. Re5 Qb3 32. Be7 f6 33. Re2 Nf7 34. Kh1 g5 35. Ng3
Qd5 36. Qe1 Qd7 37. Nh5 Qf5 38. Re6 g4 39. Nxf6+ Kh8 40. Nh4 Qxd3 41. Rxb6 g3
42. Ne4 Ne5 43. Qxg3 Qd1+ 44. Kh2 Ng4+ 45. Kh3 Rg8 46. Ng6+ Rxg6 47. Rxg6 Nf2+
48. Nxf2 Qh5+ 49. Bh4 1-0

[Event "8. Open Bali sub-2300"]
[Site "Benidorm ESP"]
[Date "2009.12.07"]
[Round "10.23"]
[White "Del Valle Cirera, Adria"]
[Black "Lada, Ireneusz"]
[Result "0-1"]
[WhiteElo "2236"]
[BlackElo "2123"]
[PlyCount "32"]
[EventDate "2009.11.28"]
[EventType "swiss"]
[EventRounds "10"]
[EventCountry "ESP"]
[Source "lmi"]
[SourceDate "2009.11.28"]

1. e4 c6 2. Nc3 d5 3. d4 dxe4 4. Nxe4 Nf6 5. Nxf6+ gxf6 6. c3 Bf5 7. Ne2 e6 8.
Ng3 Bg6 9. h4 h6 10. Qf3 h5 11. Bc4 Nd7 12. Bd2 Qb6 13. O-O-O O-O-O 14. Bd3 Ne5
15. dxe5 Ba3 16. bxa3 Bxd3 0-1

[Event "8. Open Bali sub-2300"]
[Site "Benidorm ESP"]
[Date "2009.12.07"]
[Round "10.38"]
[White "Teran Abreu, Lisyender"]
[Black "Bangnoi, Alexandre"]
[Result "1-0"]
[WhiteElo "2159"]
[BlackElo "2080"]
[PlyCount "59"]
[EventDate "2009.11.28"]
[EventType "swiss"]
[EventRounds "10"]
[EventCountry "ESP"]
[Source "lmi"]
[SourceDate "2009.11.28"]

1. e4 c5 2. Nf3 d6 3. d4 cxd4 4. Nxd4 Nf6 5. Nc3 g6 6. Be3 Bg7 7. Bc4 Nc6 8. h3
O-O 9. Bb3 Bd7 10. O-O Rc8 11. Re1 Na5 12. Qd3 a6 13. Rad1 Nxb3 14. axb3 e6 15.
Nf3 Bc6 16. Bg5 Qa5 17. Qxd6 Rcd8 18. Qf4 Nh5 19. Bxd8 Rxd8 20. Qg5 Qxg5 21.
Nxg5 Rxd1 22. Rxd1 Bxc3 23. bxc3 h6 24. Rd8+ Kg7 25. Nf3 Bxe4 26. Nd4 g5 27. f3
Bg6 28. Rd7 e5 29. Ne6+ Kf6 30. Nc5 1-0

[Event "8. Open Bali sub-2300"]
[Site "Benidorm ESP"]
[Date "2009.12.07"]
[Round "10.47"]
[White "Gutierrez Mingueza, Ruben"]
[Black "Glaria Tevar, Salvador"]
[Result "1-0"]
[WhiteElo "2085"]
[BlackElo "1944"]
[PlyCount "47"]
[EventDate "2009.11.28"]
[EventType "swiss"]
[EventRounds "10"]
[EventCountry "ESP"]
[Source "lmi"]
[SourceDate "2009.11.28"]

1. Nf3 Nf6 2. g3 g6 3. Bg2 Bg7 4. O-O O-O 5. c4 d6 6. Nc3 e5 7. d4 Nc6 8. d5
Ne7 9. e4 Nd7 10. Ne1 f5 11. Nd3 Nf6 12. f3 Nh5 13. exf5 gxf5 14. f4 e4 15.
Qxh5 exd3 16. Be3 Kh8 17. Qd1 Ng8 18. Qxd3 Bd7 19. Bd4 Nf6 20. Bh3 Ng4 21.
Bxg7+ Kxg7 22. Bxg4 fxg4 23. Qd4+ Rf6 24. Ne4 1-0

[Event "8. Open Bali sub-2300"]
[Site "Benidorm ESP"]
[Date "2009.12.07"]
[Round "10.52"]
[White "Tonus, Alex"]
[Black "Mascarell Canet, Ricardo"]
[Result "1-0"]
[WhiteElo "2056"]
[BlackElo "2070"]
[PlyCount "47"]
[EventDate "2009.11.28"]
[EventType "swiss"]
[EventRounds "10"]
[EventCountry "ESP"]
[Source "lmi"]
[SourceDate "2009.11.28"]

1. e4 c5 2. Nf3 d6 3. d4 cxd4 4. Nxd4 Nf6 5. Nc3 e6 6. Bc4 Be7 7. Be3 O-O 8.
Qe2 a6 9. Bb3 b5 10. O-O-O Qc7 11. g4 b4 12. Na4 Nxe4 13. Nb6 Qxb6 14. Nxe6 Nc5
15. Bxc5 dxc5 16. Nxf8 Bxf8 17. Qe8 c4 18. Bxc4 Be6 19. Bxe6 Qxe6 20. Rhe1 b3
21. Rxe6 bxa2 22. Kd2 fxe6 23. Qxe6+ Kh8 24. Qxa2 1-0

[Event "8. Open Bali sub-2300"]
[Site "Benidorm ESP"]
[Date "2009.12.07"]
[Round "10.58"]
[White "Alonso Jimenez, Joan"]
[Black "Alcoba, Pablo Alejandro"]
[Result "1-0"]
[WhiteElo "2003"]
[BlackElo "2119"]
[PlyCount "57"]
[EventDate "2009.11.28"]
[EventType "swiss"]
[EventRounds "10"]
[EventCountry "ESP"]
[Source "lmi"]
[SourceDate "2009.11.28"]

1. d4 Nf6 2. Nf3 g6 3. Bf4 Bg7 4. e3 d6 5. Be2 Nbd7 6. h3 O-O 7. O-O c5 8. c3
b6 9. Nbd2 Bb7 10. a4 a6 11. Bh2 Re8 12. Qb3 e5 13. dxe5 dxe5 14. Nc4 Bd5 15.
Qc2 e4 16. Nfd2 Re6 17. Rad1 Qe7 18. Nb1 b5 19. axb5 axb5 20. Nca3 b4 21. Nb5
Ne5 22. cxb4 Rb6 23. Bxe5 Qxe5 24. bxc5 Bf8 25. b4 Ra2 26. Qc3 Qb8 27. Rd2 Rxd2
28. Qxd2 Ra6 29. N5c3 1-0